000 00784nam a2200265Ia 4500
003 OSt
005 20220918175854.0
006 a|||||r|||| 00| 0
007 ta
008 220917b |||||||| |||| 00| 0 eng d
024 _a19,344
037 _cTextual
040 _aARTS
_cARTS
_beng
041 _2eng
_aeng
082 _aNA236,E, L5
100 _aBurgess Jas
245 0 _aArchitectural anytiquities of Northern Gujarat
_b more especially of the districts included in the Baroda State
260 _aVaranasi
_bBhartiya
_c1975
300 _a118p. Plates
_ccm.
490 _aArchaeogical of western India; v9
650 _aARTS
700 _a Cousens Henry
942 _hNA236,E, L5
_cTEXL
_2CC
999 _c159315
_d159315